00753cam a2200229 a 4500008004100000020002800041100001800069245009400087250001800181260004900199300004100248336002600289337002800315338002700343504004100370500002000411650004400431700002100475003000100496005001700497040000900514  a1292164395 (paperback )1 aLune, Howard.10aQualitative research methods for the social sciences /c Howard Lune and Bruce L. Berg . aNinth edition aHarlow :bPearson Education Limited ,c2017. a432 pages :billustrations ;c27 cm. atextbtxt2rdacontent aunmediatedbn2rdamedia avolumebnc2rdacarrier aIncludes bibliographical references. aIncludes index. 0aSocial sciencesxResearchxMethodology.1 aBerg, Bruce L. 20230123122313.0 cNUST